• 首页
  • 本馆介绍
  • 公告通知
  • 最新文献
  • 馆藏检索
  • 电子资源
  • 读者导购
  • 参考咨询
  • 我的图书馆
  • 登录
  • 详细信息显示
  • 放入我的书架
  • 预约/预借图书
  • 作者相关作品
  • 分类相关作品
  • 丛书相关作品
  • 出版社相关作品

书目信息

  • 表格格式
  • 工作单格式
  • 卡片格式
题名:
甲午战争的故事
    
 
作者: ;吕登来 编写
分册:  
出版信息: 上海   上海人民出版社  1977
页数: 58页
开本: 19cm
丛书名:
单 册:
中图分类: K256.3
科图分类:
主题词: 历史故事--中国--当代
电子资源:
ISBN:
000 00612nam0 2200229 45
001 0177000363
005 20060808105156.76
010    @dCNY0.13
100    @a19951017d1977 em y0chiy0121 ea
101 0  @achi
102    @aCN@b310000
105    @ay z 000fy
200 10 @a甲午战争的故事@Ajia wu zhan zheng de gu shi@f吕登来编写
210    @a上海@c上海人民出版社@d1977
215    @a58页@d19cm
606    @a历史故事@y中国@z当代
610 0  @a中日甲午战争
690    @aK256.3@v3
711 02 @a吕登来@Alv deng lai@4编写
801  0 @aCN@bTSSF@c20060808
801  2 @aCN@bNLC@c20060731
905    @a10447@dK256.3@e36
    
    甲午战争的故事/吕登来编写.-上海:上海人民出版社,1977
    58页;19cm
    
    
    ISBN :CNY0.13
    
●
相关链接 在E读中查询图书 在五车中查询图书 在当当中查询图书 在豆瓣中查询图书


正题名:甲午战争的故事     索取号:K256.3/36         预约/预借

序号 登录号 条形码 馆藏地/架位号 状态 备注
1 0443837   204438377   密集书库/ [索取号:K256.3/36] 在馆    
2 0452731   204527315   密集书库/ [索取号:K256.3/36] 在馆    
唐山师范学院图书馆 欢迎您!
大连网信软件有限公司© 版权所有